|
|
|
|
| LEADER |
00000nam0a2200000 4500 |
| 001 |
159791 |
| 005 |
20231031155348.0 |
| 035 |
|
|
|a (RuTPU)RU\TPU\book\173306
|
| 090 |
|
|
|a 159791
|
| 100 |
|
|
|a 20090514d1958 m y0rusy50 ca
|
| 101 |
0 |
|
|a rus
|
| 102 |
|
|
|a RU
|
| 105 |
|
|
|a a j 001zy
|
| 200 |
1 |
|
|a Типловые, гидравлические и ветряные двигатели сельских электростанций
|e учебное пособие для техникумов
|f И. А. Гилинский
|
| 210 |
|
|
|a Москва
|c Машгиз
|d 1958
|
| 215 |
|
|
|a 262 с.
|c ил.
|
| 320 |
|
|
|a Библиогр.: с. 261.
|
| 610 |
1 |
|
|a электрические станции
|
| 610 |
1 |
|
|a сельские электростанции
|
| 610 |
1 |
|
|a оборудование
|
| 610 |
1 |
|
|a учебные пособия
|
| 610 |
1 |
|
|a тепловые двигатели
|
| 610 |
1 |
|
|a гидравлические двигатели
|
| 610 |
1 |
|
|a ветродвигатели
|
| 675 |
|
|
|a 621.311.0025
|v 3
|
| 700 |
|
1 |
|a Гилинский
|b И. А.
|
| 801 |
|
1 |
|a RU
|b 63413507
|c 20090514
|g PSBO
|
| 801 |
|
2 |
|a RU
|b 63413507
|c 20210215
|g PSBO
|
| 942 |
|
|
|c BK
|